| 000 | 00827cam a22002411 4500 | ||
|---|---|---|---|
| 001 | ca 34000981 | ||
| 003 | DLC | ||
| 005 | 20260227111132.0 | ||
| 008 | 800415s1934 dcu 000 0 eng | ||
| 010 | _aca 34000981 | ||
| 035 | _a(OCoLC)6205746 | ||
| 040 |
_aDLC _cNmU _dOCoLC _dDLC |
||
| 042 | _apremarc | ||
| 050 | 0 | 0 |
_aE78.C15 _bP7 |
| 082 | _a970.5 | ||
| 245 | 0 | 0 |
_aProceedings of the conference for the Indians of southern California, _cheld at Riverside, Cal., March 17 and 18, 1934, to discuss the Wheeler-Howard Indian bill. |
| 260 |
_a[Washington? D.C., _c1934] |
||
| 300 |
_a 2 p. l., 2-19, 19a, 20-66 numb. l., 1 l. _c27 cm. |
||
| 500 | _aMimeographed. | ||
| 650 | 0 |
_aIndians of North America _zCalifornia. |
|
| 650 | 0 |
_aIndians of North America _xGovernment relations. |
|
| 740 | 0 | _aWheeler-Howard Indian bill. | |
| 999 |
_c17422 _d17422 |
||